000 00760nam a2200253Ia 4500
003 OSt
005 20220923222813.0
006 a|||||r|||| 00| 0
007 ta
008 220922b |||||||| |||| 00| 0 hin d
024 _a208,196
037 _cTextual
040 _aARTS
_cARTS
_bhin
041 _2hin
_ahin
082 _aO152,3N331,PT, M0
100 _aशानी
245 0 _aफूल तोड़ना मना है
246 _aFūl toड़nā hinā hai
260 _aदिल्ली
_b प्रभात प्रका0
_c1990
300 _a165पृ.
_ccm.
650 _aहिन्दी साहित्य
_9156264
942 _hO152,3N331,PT, M0
_cTEXL
_2CC
999 _c358792
_d358792